00527nam a2200169Ia 4500003000900000005001700009008004100026020001800067040001600085080001500101100001900116245011800135260002600253300001300279650004100292650002400333IN-BaIIA20250109104235.0211028s9999 xx 000 0 eng d a0-471-32380-2 cIIA Library a524-1bGRA aGray, David F. 4aThe observation and analysis of stellar photospherescDavid F. Gray  aNew YorkbWileyc1976 axv,471p. aAstronomy and Astrophysics Thesaurus aStellar Photosphere